书目信息 |
| 题名: |
solidworks 2003二次开发基础与实例教程
|
|
| 作者: | 036 , 江洪 , 李仲兴 , 邢启恩 | |
| 分册: | ||
| 出版信息: | 北京 电子工业出版社 2003.06 |
|
| 页数: | 443页 | |
| 开本: | 26cm | |
| 丛书名: | ||
| 单 册: | ||
| 中图分类: | TP391.72 | |
| 科图分类: | ||
| 主题词: | 计算机应用 | |
| 电子资源: | ||
| ISBN: | 7-5053-8680-8 | |
| 000 | 00752nam0 2200229 45 | |
| 001 | 0440162229 | |
| 005 | 2004092111092221 | |
| 010 | @a7-5053-8680-8@d48.00CNY | |
| 100 | @a20040921d2003 km y0chiy0120 ea | |
| 101 | 0 | @achi |
| 102 | @aCN@b110000 | |
| 200 | 1 | @asolidworks 2003二次开发基础与实例教程@Asolidworks 2003 Er Ci Kai Fa Ji Chu Yu Shi Li Jiao Cheng@f江洪,李仲兴,邢启恩编著@FJiang Hong,Li Zhong Xing,Xing Qi En Bian Zhu |
| 210 | @a北京@c电子工业出版社@d2003.06 | |
| 215 | @a443页@d26cm | |
| 606 | 0 | @a计算机应用 |
| 690 | @aTP391.72@v4 | |
| 701 | 0 | @a036 |
| 701 | 0 | @a江洪@AJiang Hong@4编著 |
| 701 | 0 | @a李仲兴@ALi Zhong Xing@4编著 |
| 701 | 0 | @a邢启恩@AXing Qi En@4编著 |
| 801 | 0 | @aCN@bPFT@c20040921 |
| 905 | @a平顶山工学院@dTP391.72@eJ362 | |
| solidworks 2003二次开发基础与实例教程/江洪,李仲兴,邢启恩编著.-北京:电子工业出版社,2003.06 |
| 443页;26cm |
| ISBN 7-5053-8680-8:48.00CNY |
| ● |
| 相关链接 |
|
|
|
正题名:solidworks 2003二次开发基础与实例教程
索取号:TP391.72/J362
 
预约/预借
| 序号 | 登录号 | 条形码 | 馆藏地/架位号 | 状态 | 备注 |
| 1 | 395211 | 203952115 | 期刊室512/301自科库 68排5列2层/ [索取号:TP391.72/J362] | 在馆 | |
| 2 | 395212 | 203952124 | 期刊室512/301自科库 68排5列2层/ [索取号:TP391.72/J362] | 在馆 |